Quizzes
Events
Quiz Creation
Community
Videos
Private Events
Remove Ads
Sign In
Join for FREE
Feedback
Dark Mode
Quiz Categories
Sports
Geography
Music
Movies
Television
Just For Fun
Miscellaneous
History
Literature
Language
Science
Gaming
Entertainment
Religion
Holiday
For Kids
Quiz Lab
Recent
Popular Today
Quiz Kudos Today
Editor Picks
Curator Picks
Quizzes by...
Day
Popularity
Type
Ratings
Length
Year
Community
Subscriptions
Recent Discussions
Orange Saloon
Badges
Playlists
Quests
Create
Leaderboards
Showdown
Live 5
Trivia Bingo
Activity
Puzzle Library
Sporcle Events
Private Events
Virtual Trivia
Globe League
Become a Host
Pub Owners
SporcleCon
Opinionation
Our Games
Videos
Blog
Mobile Apps
Partnerships
Remove Ads and Go Orange
Feedback
Gaming
Video Games
Board Games
Card Games
Pokémon
Mario
Nintendo
Minecraft
Console
Toys
Legend of Zelda
Gaming
Video Games
Board Games
Card Games
Pokémon
Mario
Nintendo
Minecraft
Console
Toys
Legend of Zelda
Random Quiz
Search Sporcle
×
Quiz Lab
Quiz Lab
Gaming
Trivia
Type in answers that appear in a list
Type in answers that appear in a list
Classic
Best Score? Go Orange.
DBZ Dokkan Battle Trivia Stats
Test your DBZ Dokkan Battle knowledge
By
dbzzz
10m
18 Questions
459 Plays
459 Plays
459 Plays
Comments
Comments
Give Quiz Kudos
Give Quiz Kudos
-
- Ratings
hide this ad
Replay
Link that replays current quiz
Next Quiz
Link to next quiz in quiz playlist
You Got
0%
They Got
Avg Score
53%
Avg Friend Score
Upgrade to see
Score Distribution
Jump to the score distribution portion of the page
Score
0/18
Timer
10:00
0
Plays Today
Hint
Answer
% Correct
Dokkan fest character that likes candy
Buu
80.6%
TEQ +3 ki, +3000 ATK leader
Cell
79.5%
Bald, STR, normal rarity, Crane School
Tien
75.2%
PHY 'super guy in the galaxy', Z Fighter
Super Saiyan Gohan (Teen)
74.5%
'Attack all', Japan-
only, TEQ
Majin Vegeta
73.4%
Links: Galactic Visitor, Patrol
Jaco
66%
Only 2 links: All in the family + Battlefield Diva
Chi-Chi
61.7%
Strike character, AGL, Shocking Speed link
Pikkon
58.4%
INT +3 ki leader, links: Bombardment & Revival
Mecha Frieza
55.3%
Hint
Answer
% Correct
Only global TUR that's neither a Super Saiyan or a villain
Piccolo
53.4%
Half of a TEQ nuke combo, prepared for battle
SSB Goku
45.8%
SR AGL Super Saiyan with Prepared for Battle
Bardock
45.5%
INT type with Leader skill: +2 ki for all
Turles
43.1%
Undisputed weakest SSR
Xeno Trunks
40.1%
Passive: ATK +70% when 3 or more opponents. Youngster
Kid Goku
39.2%
TEQ with leader skill: All types ki +2
SS3 Vegeta
29.6%
STR strike character, SA doesn't even do 'huge' damage
Cyborg Tao
26.8%
DB summon, SA has a high chance to 1-
hit KO opponent
General Blue
21.6%
Quiz Playlist
Details
Report
Send in Message
Add To Playlist
Classic:
Type in answers that appear in a list
Last Updated: Feb 16, 2017
Quiz Scoreboard
CHALLENGE
Sign Up to Join the Scoreboard
Show All
Scores
Hide
Comments
May contain spoilers
Recently Published
1-10 Letter E Words III
by El_Dandy
Language
2m
One Thing in Common: World Cities II
by knightlancer
Geography
7m
Popular People in 1961
by mucciniale
History
6m
More to Explore
Quiz From the Vault
Featured Blog Post
Where Did the Easter Bunny Come From?
hide this ad
You Might Also Like...
Tags
battle
DBZ
test
Trivia
Today's Top Quizzes in Gaming
Browse Gaming
hide this ad
Today's Top Quizzes in Trivia
Browse Trivia
Top Contributed Quizzes in Gaming
1
Destiny 2 exotic weapons by perk icons
2
Who's on the WWE 2K24 Cover?
3
Windmill: Pokémon
4
Genshin Impact Logic Puzzle
5
Overwatch 2: Ultimate Ability Icons
6
Overwatch 2 Heroes by Selection Quote
7
Genshin murder mystery
8
Legendary or Exotic?
9
Overwatch Logic Puzzle
10
Genshin Impact Logic Puzzle Quiz II
Explore More
Trending Topics
Crossword
Marvel
Kpop
Anime
Disney
NBA
Harry Potter
Soccer
WWE
Pokémon
The Office
Country
Song
Puzzle
NFL
hide this ad
More By:
dbzzz
Quiz
Plays
Rating
Category
Featured
Created
Chelsea FC Goal Scorers (2010-2016)
524
2.50
Sports
Oct 24, 2016
DBZ Dokkan Battle Trivia
459
Gaming
Jun 7, 2016
Go to Creator's Profile
Score Distribution
Quiz Creator Spotlight
dbzzz
Follow
Send a Message
Quizzes Created
-
Created Quiz Play Count
-
More By This Creator
Popular Quizzes Today
1
Find the US States - No Outlines Minefield
2
The Countries of the World
3
Popular People in 1961
4
Find the Countries of Europe - No Outlines Minefield
5
1-10 Letter E Words III
6
Find the US States
7
One Thing in Common: World Cities II
8
US States
More Gaming Quizzes
Fortnite Battle Royale: Machine Guns
Quiz Lab
Trending Quizzes
1-10 Letter F Words
1-10 Letter G Words
Risky Map Clicking: Next State Alphabetically
1-10 Letter F Words II
Risky Map Clicking: States by Unique Starting Letters
Recently Updated
Leaping Animals
pecheneg
Reality TV Shows (A-Z)
bhenderson79
Rickey Henderson's Hall of Fame Teammates
pecheneg
Champions League XIs: Arsenal
pecheneg
Quick Pick: Celebrities in WWE's Hall of Fame
aduchscher
A-Z Keypad Blitz II
pecheneg
Multiple Oscar Actors
pecheneg
Mystery Phrase Blitz: Oscar 'Best Actors'
pecheneg
F. Scott Fitzgerald Novels
LTH
Pick 3 Villains
ddd62291
Trending Topics
Anime
Marvel
Crossword
Kpop
Disney
NBA
Harry Potter
Pokémon
The Office
NFL
Song
WWE
Country
Puzzle
Soccer
Your Account Isn't Verified!
In order to create a playlist on Sporcle, you need to verify the email address you used during registration. Go to your
Sporcle Settings
to finish the process.
Report this User
Report this user for behavior that violates our
Community Guidelines
.
Details:
Send Report
Go to the Sporcle.com Mobile Site →
Comments